000 01214nam0a22003131 4500
001 rc\3753389
005 20250610113226.0
021 _aRU
_b[74-71426]
035 _a(NLR Aleph) 007879888
090 _a7911325
_c7911325
100 _a20130115d1974 |||y0rusy50 ca
101 1 _arus
_cbul
102 _aRU
105 _aa z |||a|
200 1 _aНаско-Почемучка
_eДве повести
_e[Для мл. школьного возраста
_fПер. с болг. и вступ. статья И. Томаковой
_gИл.: Р. Вольский]
210 _aМосква
_cДет. лит.
_d1974
215 _a158 с.
_cил.
_d20
300 _aНа обороте тит. л.: Георги Струмски. Наско Защото
517 0 _aНаско Защото
606 _aДети в Болгарии, Народной Республике (д. л.)
_2psbo
700 1 _6z01790
_aСтрумский
_bГ.
_gГеоргий
702 1 _aТомакова
_bИ.
_4730
_4080
702 1 _aВольский
_bР.
_4440
790 1 _6z01700
_aСтрумски
_bГ.
_gГеорги
801 0 _aRU
_bNLR
_gpsbo
801 1 _aRU
_bELAR
_2rusmarc
852 _aNLR
_j74-3/2852
942 _cBOOK
980 _aNB